Juno (Lyrics)- Sabrina Carpenter - Statistics

General Stats
  • This quiz has been taken 200 times
  • The average score is 286 of 330
Answer Stats
Answer % Correct
you
100%
You
100%
I
99%
know
98%
know?
98%
make
98%
me
98%
on
98%
have
97%
Have
97%
Juno
97%
love
97%
to
97%
a
96%
my
96%
in
95%
just
95%
try
95%
want
95%
who
95%
fall
93%
then
93%
wanna
93%
Wanna
93%
might
92%
One
92%
one?
92%
one
92%
the
92%
it
91%
Oh
91%
your
91%
baby
90%
touch
90%
for
89%
knows?
89%
let
89%
Let
89%
life
89%
tell
89%
Tell
89%
this
89%
ever
88%
tried
87%
If
86%
if
86%
I'm
86%
and
85%
but
85%
Give
85%
so
85%
Don't
83%
is
83%
of
83%
two
83%
out
82%
right
80%
though?
80%
'bout
77%
cute
77%
pink
77%
positions?
77%
some
77%
freaky
76%
get
76%
handcuffs?
76%
night
76%
tonight
76%
yeah
76%
down
75%
Adore
74%
fuzzy
74%
Hold
74%
only
74%
bless
73%
genetics
73%
horny
73%
thinking
73%
dad's
72%
explore
72%
God
72%
thing
72%
fuckin'
71%
at
70%
come
70%
like
70%
late
68%
hear
67%
we
67%
Mark
66%
way
66%
up
65%
ah
64%
territory
64%
ass
63%
babe
62%
high
61%
knockin'
60%
lock
60%
than
60%
feel
59%
friends
59%
package
59%
are
58%
hot
58%
more
57%
Whole
57%
objectified
53%
butterflies
52%
fit
51%
hormones
47%
Can't
46%
showed
46%
Sorry
46%
high-fived
41%
myself
40%
help
39%
No matching quizzes found
Score Distribution
Percent of People with Each Score
Percentile by Number Answered
Your Score History
You have not taken this quiz